| 000 | 01454nam a22003137a 4500 | ||
|---|---|---|---|
| 005 | 20100331111219.0 | ||
| 008 | 100331t xxu||||| |||| 00| 0 eng d | ||
| 010 | _aENG-95931-32 | ||
| 020 |
_a0198064624 (V.1) _c695.00 |
||
| 020 |
_a9780198064626 (V.1) _c695.00 |
||
| 020 |
_a0198064616 (V.2) _c695.00 |
||
| 020 |
_a9780198064619 (V.2) _c695.00 |
||
| 035 | _aEN-79464-65 | ||
| 037 | _bDBAD/PUB | ||
| 040 | _aDPL | ||
| 082 | _a863.8 | ||
| 245 |
_aThe Oxford India anthology of Bengali literature / _cedited by Kalpana Bardhan |
||
| 260 |
_aNew Delhi _bOxford University Press _c2010 |
||
| 270 |
_aYMCA Library Building, Jai Singh Road _bNew Delhi _e110001 |
||
| 300 |
_a2v. (xxxii, 404p. ;xxix, 473p.) _c24 cm. (Hb) |
||
| 500 | _aIt is a set of 2 V. and prices is Rs. 695.00 (each) | ||
| 505 | _aV.I-1861-1941. V.II- 1941-1991 | ||
| 650 |
_aBengali literature _y19th Century _vTranslation into English |
||
| 650 |
_aBengali literature _y20th Century _vTranslation into English |
||
| 700 | _aBardhan, Kalpana | ||
| 942 |
_2ddc _cEN _mBAR _h863.8 |
||
| 999 |
_c34930 _d34930 |
||